Statistics for Ant-Man and the Wasp (2018) character screen time

Click here to take the quiz!

General Stats

  • This quiz has been taken 36 times
  • The average score is 11 of 17

Answer Stats

screen timeAnswer% Correct
35:00Hope van Dyne
100%
42:30Scott Lang
100%
23:45Dr. Hank Pym
97%
9:15Janet van Dyne
88%
12:45Ava Starr
82%
7:00Cassie Lang
79%
8:30Luis
79%
8:30Dr. Bill Foster
76%
1:45Maggie Lang
67%
5:30Agent James Woo
64%
7:00Sonny Burch
64%
2:15Dave
61%
2:15Kurt
61%
1:30Officer Jim Paxton
61%
3:00Uzman
21%
:30Elihas Starr
12%
1:45Anitolov
3%

Score Distribution

Percentile by Number Answered

Percent of People with Each Score

Your Score History

You have not taken this quiz